[Event "SF Stadtlohn 1 - SG Turm Raesfeld/Erle"]
[Site "Verbandsklasse 2015/2016"]
[Date "2015.11.28"]
[Round "3.1"]
[White "Bölker, Franz"]
[Black "Mullink, Jochem"]
[Result "0-1"]
[WhiteElo "1806"]
[BlackElo "1960"]
[PlyCount "60"]
[EventDate "2015.??.??"]
[SourceDate "2015.10.31"]

1. d4 Nf6 2. c4 g6 3. Nc3 Bg7 4. g3 O-O 5. Bg2 d6 6. e3 c6 7. Nge2 Nbd7 8. O-O
Nb6 9. b3 d5 10. c5 Nbd7 11. b4 b6 12. a4 bxc5 13. bxc5 Ba6 14. Ba3 Rb8 15. Qc2
Qa5 16. Rfb1 e5 17. Nc1 Bc4 18. Bf1 exd4 19. exd4 Qa6 20. Nd3 Rxb1 21. Rxb1 Qc8
22. Bh3 Qc7 23. Bc1 Nh5 24. Be3 Re8 25. Nf4 Nhf6 26. Bg2 Ng4 27. Nd1 Bxd4 28.
Bxd5 cxd5 29. Bxd4 Re1+ 30. Kg2 Bf1+ 0-1

[Event "SF Stadtlohn 1 - SG Turm Raesfeld/Erle"]
[Site "Verbandsklasse 2015/2016"]
[Date "2015.11.28"]
[Round "3.2"]
[White "Te Sligte, Bert"]
[Black "Brömmel, Chris"]
[Result "1-0"]
[WhiteElo "1875"]
[BlackElo "1792"]
[PlyCount "145"]
[EventDate "2015.??.??"]
[SourceDate "2015.10.31"]

1. e4 d5 2. exd5 Qxd5 3. Nc3 Qa5 4. Nf3 Bg4 5. Be2 Nf6 6. d4 e6 7. h3 Bxf3 8.
Bxf3 c6 9. O-O Nbd7 10. Bf4 Be7 11. a3 Nd5 12. Nxd5 cxd5 13. Re1 O-O 14. Rc1
Qb6 15. Rb1 Bf6 16. c3 Rfe8 17. Qd2 Nf8 18. Re2 Ng6 19. Rbe1 Red8 20. Bg5 Bxg5
21. Qxg5 Qd6 22. g3 f6 23. Qd2 e5 24. dxe5 fxe5 25. Rd1 Ne7 26. Qg5 Rf8 27.
Qxe5 Qxe5 28. Rxe5 Rxf3 29. Rxe7 Raf8 30. Rd2 h5 31. h4 d4 32. cxd4 Rb3 33. d5
Rd8 34. Re3 Rb6 35. Kg2 Kf7 36. Re5 g6 37. b4 a5 38. bxa5 Rb5 39. Rd3 Rxa5 40.
Rf3+ Kg7 41. Re7+ Kh6 42. Rff7 Rh8 43. d6 Rxa3 44. Rxb7 Rd3 45. Rbd7 Rd5 46.
Kf3 Rd4 47. Ke3 Rd1 48. Ke2 Rd5 49. Kf1 Rf5 50. Rxf5 gxf5 51. Ke2 Kg6 52. Ke3
Kf6 53. Kf4 Rb8 54. Rh7 Rb4+ 55. Ke3 Kg6 56. Rc7 Kf6 57. d7 Ke7 58. d8=Q+ Kxd8
59. Rh7 Re4+ 60. Kf3 Ke8 61. Rxh5 Re5 62. Kf4 Re2 63. f3 Kf7 64. Rxf5+ Kg7 65.
h5 Kh6 66. g4 Rg2 67. Rf6+ Kg7 68. Rb6 Kh7 69. Kg5 Rf2 70. f4 Rc2 71. Rb7+ Kg8
72. f5 Kh8 73. Kg6 1-0

[Event "SF Stadtlohn 1 - SG Turm Raesfeld/Erle"]
[Site "Verbandsklasse 2015/2016"]
[Date "2015.11.28"]
[Round "3.3"]
[White "Fasselt, Hendrik"]
[Black "Krosenbrink, Marcel"]
[Result "1-0"]
[WhiteElo "1804"]
[BlackElo "1808"]
[PlyCount "69"]
[EventDate "2015.??.??"]
[SourceDate "2015.10.31"]

1. b3 e5 2. Bb2 Nc6 3. e3 d5 4. Bb5 Bd6 5. f4 f6 6. fxe5 fxe5 7. Nf3 Bg4 8. h3
Bxf3 9. Qxf3 Nf6 10. O-O O-O 11. Bxc6 bxc6 12. Qe2 Qe8 13. d3 Qg6 14. Nd2 Rae8
15. e4 Nh5 16. Rxf8+ Rxf8 17. Rf1 Bc5+ 18. Kh2 Qg3+ 19. Kh1 Nf4 20. Qf3 Qg5 21.
Qg4 Qxg4 22. hxg4 Be3 23. Nf3 Ne2 24. Re1 Ng3+ 25. Kh2 Bf4 26. Bxe5 g5 27. exd5
cxd5 28. Kg1 h6 29. Kf2 c5 30. Bxf4 gxf4 31. Re5 Rd8 32. Nd2 Kf7 33. Kf3 Kf6
34. Kxf4 Nh1 35. Re1 1-0

[Event "SF Stadtlohn 1 - SG Turm Raesfeld/Erle"]
[Site "Verbandsklasse 2015/2016"]
[Date "2015.11.28"]
[Round "3.4"]
[White "Kloster, Daniel"]
[Black "Kadenbach, Wolfgang"]
[Result "0-1"]
[WhiteElo "1730"]
[BlackElo "1731"]
[PlyCount "72"]
[EventDate "2015.??.??"]
[SourceDate "2015.10.31"]

1. d4 e6 2. Nf3 d5 3. Bg5 Be7 4. Bxe7 Qxe7 5. c3 Nd7 6. e3 f5 7. Nbd2 Ngf6 8.
c4 b6 9. Be2 Bb7 10. O-O O-O 11. Rc1 a5 12. cxd5 Nxd5 13. Bc4 c5 14. Qb3 g5 15.
h3 h5 16. e4 fxe4 17. Nxe4 g4 18. hxg4 hxg4 19. Ne5 Nxe5 20. dxe5 Qh7 21. Nf6+
Rxf6 22. exf6 Kf7 23. Bxd5 Bxd5 24. Qxb6 Qe4 25. Qc7+ Kxf6 26. Qg3 Rh8 27. f3
Qd4+ 28. Qf2 gxf3 29. Qxd4+ cxd4 30. gxf3 Kf5 31. Rc5 Kf4 32. Kf2 Rh2+ 33. Ke1
Rxb2 34. Rxa5 Ke3 35. Ra3+ d3 36. Rb3 Bxb3 0-1

[Event "SF Stadtlohn 1 - SG Turm Raesfeld/Erle"]
[Site "Verbandsklasse 2015/2016"]
[Date "2015.11.28"]
[Round "3.5"]
[White "Suer, Julian"]
[Black "Becking, Stefan"]
[Result "1/2-1/2"]
[WhiteElo "1739"]
[BlackElo "1673"]
[PlyCount "85"]
[EventDate "2015.??.??"]
[SourceDate "2015.10.31"]

1. e4 c5 2. d4 cxd4 3. c3 dxc3 4. Nxc3 Nc6 5. Nf3 e6 6. Bc4 d6 7. O-O Be7 8.
Qe2 Nf6 9. Rd1 e5 10. h3 O-O 11. Be3 h6 12. Rac1 Be6 13. Bb5 Qa5 14. Nd5 Bxd5
15. exd5 Nb8 16. b4 Qd8 17. Nxe5 a6 18. Ba4 b5 19. Bb3 dxe5 20. d6 Nbd7 21. Bc5
Nxc5 22. bxc5 Bxd6 23. cxd6 Ra7 24. Qxe5 Re8 25. Qf4 Rd7 26. Rc7 Re4 27. Qc1
Rxd6 28. Rc8 Rxd1+ 29. Bxd1 Re1+ 30. Kh2 Rxd1 31. Rxd8+ Rxd8 32. Qc7 Re8 33.
Qb7 Re6 34. Qc8+ Re8 35. Qxa6 Re5 36. Qc8+ Kh7 37. Qb7 Kg6 38. Qc6 Kh7 39. Qc7
Re2 40. Qxf7 Rxf2 41. Qb3 Rf5 42. Qc2 g6 43. Qc7+ 1/2-1/2

[Event "SF Stadtlohn 1 - SG Turm Raesfeld/Erle"]
[Site "Verbandsklasse 2015/2016"]
[Date "2015.11.28"]
[Round "3.6"]
[White "Wensing, Herbert"]
[Black "Cvetkovic, Reinhard"]
[Result "1-0"]
[WhiteElo "1668"]
[BlackElo "1706"]
[PlyCount "29"]
[EventDate "2015.??.??"]
[SourceDate "2015.10.31"]

1. e4 e6 2. d4 d5 3. Nd2 Nc6 4. Ngf3 Nf6 5. e5 Nd7 6. c3 Be7 7. Bd3 O-O 8. O-O
f6 9. exf6 Bxf6 10. Re1 e5 11. Qb3 exd4 12. Qxd5+ Kh8 13. Qh5 h6 14. Qg6 Nde5
15. Qh7# 1-0

[Event "SF Stadtlohn 1 - SG Turm Raesfeld/Erle"]
[Site "Verbandsklasse 2015/2016"]
[Date "2015.11.28"]
[Round "3.7"]
[White "Droste, Laurenz"]
[Black "Söbbing, Ulrich"]
[Result "1-0"]
[WhiteElo "1612"]
[BlackElo "1545"]
[PlyCount "67"]
[EventDate "2015.??.??"]
[SourceDate "2015.10.31"]

1. f4 d5 2. e3 c5 3. b3 Nd7 4. Bb2 Ngf6 5. Bb5 e6 6. Nf3 Be7 7. Ne5 O-O 8. Bxd7
Nxd7 9. d3 Bh4+ 10. g3 Bf6 11. Nd2 g6 12. Ndf3 Bg7 13. Rb1 Qa5+ 14. Nd2 Qxa2
15. Nxd7 Bxd7 16. Bxg7 Kxg7 17. Qc1 Qa5 18. Qb2+ f6 19. Ra1 Qc7 20. Nf3 Bc6 21.
O-O a6 22. g4 Rae8 23. g5 Qf7 24. Qc3 Qe7 25. gxf6+ Rxf6 26. Ne5 Bb5 27. Ng4 d4
28. exd4 Rf5 29. dxc5+ e5 30. Nxe5 Qf6 31. Qd4 Rexe5 32. Rae1 Rg5+ 33. Kh1 Bc6+
34. Re4 1-0

[Event "SF Stadtlohn 1 - SG Turm Raesfeld/Erle"]
[Site "Verbandsklasse 2015/2016"]
[Date "2015.11.28"]
[Round "3.8"]
[White "Lösing, Henrik"]
[Black "Lewerenz, Lars"]
[Result "1/2-1/2"]
[WhiteElo "1920"]
[BlackElo "1516"]
[PlyCount "50"]
[EventDate "2015.??.??"]
[SourceDate "2015.10.31"]

1. d4 d5 2. Nf3 e6 3. g3 Nf6 4. Bg2 c6 5. O-O Be7 6. c4 Nbd7 7. cxd5 cxd5 8.
Nc3 a6 9. b3 O-O 10. Bb2 b5 11. Rc1 Bb7 12. Qd3 Rc8 13. Nd2 h6 14. e4 b4 15.
Na4 dxe4 16. Rxc8 Qxc8 17. Nxe4 Bxe4 18. Bxe4 Nxe4 19. Qxe4 Nf6 20. Qe2 Nd5 21.
Rc1 Qb7 22. Qc4 Rd8 23. Qc6 Qb5 24. Qc4 Bg5 25. Rc2 Be7 1/2-1/2

[Event "SF Beelen 2 - SK Königsspringer Nordwal"]
[Site "Verbandsklasse 2015/2016"]
[Date "2015.11.28"]
[Round "3.1"]
[White "Sandmann, Matthias"]
[Black "Henke, Wolfgang"]
[Result "1/2-1/2"]
[WhiteElo "1786"]
[BlackElo "1709"]
[PlyCount "46"]
[EventDate "2015.??.??"]
[SourceDate "2015.10.31"]

1. e4 c5 2. Nf3 d6 3. Bb5+ Nc6 4. c3 Bd7 5. d4 Qa5 6. Qa4 Qxa4 7. Bxa4 cxd4 8.
cxd4 Nf6 9. Nc3 g6 10. O-O Bg7 11. h3 O-O 12. Bg5 h6 13. Bh4 g5 14. Bg3 Rfd8
15. Rad1 Nh5 16. Bh2 Rac8 17. Nd5 Kf8 18. Kh1 Nb8 19. Bb3 Bb5 20. Rfe1 e6 21.
Nc3 Bc4 22. Bxc4 Rxc4 23. Nb5 Nf4 1/2-1/2

[Event "SF Beelen 2 - SK Königsspringer Nordwal"]
[Site "Verbandsklasse 2015/2016"]
[Date "2015.11.28"]
[Round "3.2"]
[White "Hofene, Josef"]
[Black "Lerke, Bernd"]
[Result "1/2-1/2"]
[WhiteElo "1697"]
[BlackElo "1869"]
[PlyCount "94"]
[EventDate "2015.??.??"]
[SourceDate "2015.10.31"]

1. e4 c5 2. d4 cxd4 3. c3 d3 4. Bxd3 Nc6 5. f4 d5 6. e5 h5 7. Be3 g6 8. Nf3 Nh6
9. Bf2 Bf5 10. Nh4 Bxd3 11. Qxd3 e6 12. Nf3 Be7 13. Nbd2 Ng4 14. O-O Nxf2 15.
Rxf2 Bc5 16. Nd4 Qb6 17. N2b3 Bxd4 18. cxd4 Nb4 19. Qc3 O-O 20. Nc5 Rfd8 21. a3
Nc6 22. Qd3 Ne7 23. g3 Rac8 24. Na4 Qc6 25. Nc3 a6 26. Rd1 Qc4 27. Qd2 Nf5 28.
Rf3 Rc6 29. h3 h4 30. g4 Ng3 31. Rxg3 hxg3 32. f5 exf5 33. gxf5 Qb3 34. Qg5 Re8
35. Rd2 Rxc3 36. bxc3 Qb1+ 37. Kg2 Qe4+ 38. Kxg3 Rc8 39. Kh2 Rxc3 40. Qd8+ Kh7
41. fxg6+ fxg6 42. Qe7+ Kg8 43. Qe6+ Kf8 44. Qf6+ Ke8 45. Rf2 Rc2 46. Qf8+ Kd7
47. Qd6+ Ke8 1/2-1/2

[Event "SF Beelen 2 - SK Königsspringer Nordwal"]
[Site "Verbandsklasse 2015/2016"]
[Date "2015.11.28"]
[Round "3.3"]
[White "Wetterau, Georg"]
[Black "Fartmann, Franz-Josef"]
[Result "1-0"]
[WhiteElo "1815"]
[BlackElo "1701"]
[PlyCount "53"]
[EventDate "2015.??.??"]
[SourceDate "2015.10.31"]

1. e4 c5 2. Nf3 Nc6 3. d4 cxd4 4. Nxd4 Qb6 5. Nb3 Nf6 6. Nc3 e6 7. Be3 Qc7 8.
Be2 a6 9. O-O b5 10. a3 Be7 11. f4 d6 12. Kh1 Bb7 13. Qe1 O-O 14. Rd1 Rac8 15.
Qg3 b4 16. axb4 Nxb4 17. e5 Nfd5 18. Bd4 f6 19. exf6 Nxf6 20. Bg4 Nxg4 21. Qxg4
e5 22. Qe6+ Kh8 23. fxe5 Qc6 24. Qg4 Qc4 25. Nd2 Qc7 26. e6 Rg8 27. Rf7 1-0

[Event "SF Beelen 2 - SK Königsspringer Nordwal"]
[Site "Verbandsklasse 2015/2016"]
[Date "2015.11.28"]
[Round "3.4"]
[White "Hofene, Werner"]
[Black "Mense, Jens-Uwe"]
[Result "1-0"]
[WhiteElo "1721"]
[BlackElo "1795"]
[PlyCount "41"]
[EventDate "2015.??.??"]
[SourceDate "2015.10.31"]

1. f4 g6 2. Nf3 Bg7 3. e4 d6 4. Be2 Nd7 5. O-O e6 6. d4 Ne7 7. c4 O-O 8. Nc3 b6
9. Qe1 Bb7 10. Be3 d5 11. cxd5 exd5 12. e5 a6 13. g4 c5 14. Qg3 f6 15. e6 cxd4
16. Nxd4 Nc5 17. f5 Nc6 18. Nxc6 Bxc6 19. Rad1 Re8 20. Bf3 Bf8 21. Nxd5 1-0

[Event "SF Beelen 2 - SK Königsspringer Nordwal"]
[Site "Verbandsklasse 2015/2016"]
[Date "2015.11.28"]
[Round "3.5"]
[White "Holstegge, Ludger"]
[Black "Schemmann, Bernhard"]
[Result "1/2-1/2"]
[WhiteElo "1819"]
[BlackElo "1856"]
[PlyCount "118"]
[EventDate "2015.??.??"]
[SourceDate "2015.10.31"]

1. c4 b6 2. Nc3 Bb7 3. e4 e6 4. d4 Bb4 5. Bd3 f5 6. Qe2 Nf6 7. Bg5 fxe4 8. Bxe4
Bxe4 9. Bxf6 Qxf6 10. Qxe4 O-O 11. Nf3 Bxc3+ 12. bxc3 Nc6 13. O-O Qf5 14. Qxf5
Rxf5 15. Rfe1 Raf8 16. Re2 Rc8 17. Rb1 Na5 18. Nd2 c5 19. Ne4 Nb7 20. d5 exd5
21. Ng3 Rf4 22. cxd5 Nd6 23. f3 Rc4 24. Rb3 Re8 25. Kf2 Rxe2+ 26. Kxe2 Rh4 27.
h3 Ra4 28. Rb2 Kf7 29. Kd3 b5 30. Ne4 Nxe4 31. fxe4 a6 32. Rf2+ Ke7 33. e5 Ra3
34. Rc2 a5 35. Ke4 Ra4+ 36. Kd3 Ra3 37. Rb2 b4 38. Rc2 a4 39. Kc4 b3 40. axb3
axb3 41. Rb2 Ra4+ 42. Kxc5 Re4 43. Rxb3 Rxe5 44. c4 Re4 45. Rg3 g6 46. Rd3 Re2
47. g4 Re4 48. Kb5 d6 49. c5 dxc5 50. Kxc5 h5 51. gxh5 gxh5 52. Ra3 Rf4 53. d6+
Kd7 54. Ra7+ Kd8 55. Rh7 Ra4 56. Kc6 Rc4+ 57. Kd5 Rh4 58. Ke6 Re4+ 59. Kf5 Rh4
1/2-1/2

[Event "SF Beelen 2 - SK Königsspringer Nordwal"]
[Site "Verbandsklasse 2015/2016"]
[Date "2015.11.28"]
[Round "3.6"]
[White "Bleier, Thomas"]
[Black "Herding, Rudolf"]
[Result "1-0"]
[WhiteElo "1651"]
[BlackElo "1568"]
[PlyCount "93"]
[EventDate "2015.??.??"]
[SourceDate "2015.10.31"]

1. e4 c5 2. Nc3 Nc6 3. Bc4 d6 4. f4 Nf6 5. d3 a6 6. a3 b5 7. Bb3 Nd4 8. Ba2 Bg4
9. Qd2 b4 10. Nd5 Rc8 11. c3 Nxd5 12. cxd4 Nb6 13. axb4 cxd4 14. f5 f6 15. Be6
Nd7 16. Rxa6 Qc7 17. Ra1 Bh5 18. h3 Bf7 19. Nf3 Bxe6 20. fxe6 Ne5 21. Nxd4 g6
22. O-O Qb6 23. Qe3 h5 24. Rd1 Bh6 25. Qf2 Nxd3 26. Rxd3 Bxc1 27. Rc3 O-O 28.
Raxc1 Rxc3 29. bxc3 Ra8 30. Qd2 Kg7 31. Kh1 Qb7 32. Qe2 d5 33. exd5 Qxd5 34.
Qf3 Qa2 35. b5 Qd2 36. Rc2 Ra1+ 37. Kh2 Qe1 38. Qe2 Qg1+ 39. Kg3 Re1 40. Qf2
h4+ 41. Kxh4 Qh2 42. Nf5+ Kh7 43. Ne3 g5+ 44. Kh5 Rf1 45. Qxf1 g4 46. Qf5+ Kh8
47. Nxg4 1-0

[Event "SF Beelen 2 - SK Königsspringer Nordwal"]
[Site "Verbandsklasse 2015/2016"]
[Date "2015.11.28"]
[Round "3.7"]
[White "Keller, Hansjürgen"]
[Black "Hofene, Markus"]
[Result "1/2-1/2"]
[WhiteElo "1559"]
[BlackElo "1661"]
[PlyCount "44"]
[EventDate "2015.??.??"]
[SourceDate "2015.10.31"]

1. d4 Nf6 2. Nf3 e6 3. Bf4 b6 4. e3 Be7 5. Bd3 Bb7 6. h3 d6 7. O-O Nbd7 8. Nbd2
O-O 9. c3 c5 10. Qe2 Re8 11. e4 cxd4 12. cxd4 a6 13. Rac1 Nf8 14. Rc2 b5 15.
Rfc1 Ng6 16. Bh2 Qb6 17. b4 Rac8 18. Nb3 Nd7 19. Na5 Rxc2 20. Rxc2 Rc8 21. Nxb7
Qxb7 22. a3 Nb6 1/2-1/2

[Event "SF Beelen 2 - SK Königsspringer Nordwal"]
[Site "Verbandsklasse 2015/2016"]
[Date "2015.11.28"]
[Round "3.8"]
[White "Leismann, Franz-Josef"]
[Black "Kumpmann, Ansgar"]
[Result "1/2-1/2"]
[WhiteElo "1546"]
[BlackElo "1535"]
[PlyCount "105"]
[EventDate "2015.??.??"]
[SourceDate "2015.10.31"]

1. e4 c5 2. Nf3 Nc6 3. c3 d6 4. Bc4 e6 5. O-O Nf6 6. Re1 Be7 7. d4 cxd4 8. Nxd4
O-O 9. Bb3 Bd7 10. Nf3 Rc8 11. h3 Qb6 12. Be3 Qc7 13. Nbd2 Rfd8 14. Bf4 Na5 15.
Bc2 Qb6 16. Nb3 Nc4 17. e5 dxe5 18. Nxe5 Nxb2 19. Qf3 Nc4 20. Nxc4 Rxc4 21. Be3
Qc7 22. Bd4 Bc6 23. Qe2 Ba4 24. Bd3 Bxb3 25. axb3 Rcxd4 26. cxd4 b6 27. Red1 g6
28. Bc4 Bb4 29. Qf3 Nd5 30. Rac1 Qb7 31. Qg4 a5 32. Qg5 Be7 33. Qg4 Nf6 34. Qe2
Ba3 35. Rc2 Bb4 36. Qe5 Nd7 37. Qg5 Qb8 38. d5 Ne5 39. Rdc1 Kg7 40. dxe6 fxe6
41. Bxe6 Bc5 42. Bc4 Qd6 43. Re2 Nxc4 44. bxc4 Rf8 45. Rce1 Qd4 46. Qg3 a4 47.
Kh1 a3 48. Qe5+ Qxe5 49. Rxe5 Rxf2 50. R5e2 Rxe2 51. Rxe2 Kf6 52. Kh2 Kf5 53.
g3 1/2-1/2

[Event "SC Klein-Berlin Rheine 2 - SK Gescher 1"]
[Site "Verbandsklasse 2015/2016"]
[Date "2015.11.28"]
[Round "3.1"]
[White "Lanfer, Stefan"]
[Black "van Dijk, Guido"]
[Result "1/2-1/2"]
[WhiteElo "1828"]
[BlackElo "1726"]
[PlyCount "34"]
[EventDate "2015.??.??"]
[SourceDate "2015.10.31"]

1. e4 c6 2. d4 d5 3. Nc3 dxe4 4. Nxe4 Nd7 5. Nf3 Ngf6 6. Bd3 Nxe4 7. Bxe4 Nf6
8. Bd3 Bg4 9. c3 Qb6 10. O-O e6 11. h3 Bh5 12. Be2 Bd6 13. Nd2 Bxe2 14. Qxe2
Qc7 15. Nc4 Bf4 16. Bxf4 Qxf4 17. Qe5 Qxe5 1/2-1/2

[Event "SC Klein-Berlin Rheine 2 - SK Gescher 1"]
[Site "Verbandsklasse 2015/2016"]
[Date "2015.11.28"]
[Round "3.2"]
[White "Ratert, Matthias"]
[Black "Lanfer, Stefanie"]
[Result "1-0"]
[WhiteElo "1826"]
[BlackElo "1813"]
[PlyCount "69"]
[EventDate "2015.??.??"]
[SourceDate "2015.10.31"]

1. e4 c6 2. d4 d5 3. Nc3 dxe4 4. Nxe4 Nf6 5. Nxf6+ gxf6 6. c3 Bf5 7. Bd3 Bxd3
8. Qxd3 Nd7 9. Be3 Qa5 10. Ne2 O-O-O 11. a4 e6 12. b4 Qc7 13. a5 h5 14. b5 cxb5
15. Qxb5 a6 16. Qa4 Bh6 17. c4 e5 18. c5 Bxe3 19. fxe3 Rhg8 20. c6 bxc6 21. Kf2
Nb8 22. Rab1 Qd7 23. Qb4 Qc7 24. Rhc1 Kd7 25. d5 Ke8 26. dxc6 Nxc6 27. Qc4 Rd6
28. Rb6 Qd7 29. Rxc6 Qf5+ 30. Kg1 Rxc6 31. Qxc6+ Kf8 32. Qc8+ Qxc8 33. Rxc8+
Kg7 34. Rxg8+ Kxg8 35. Ng3 1-0

[Event "SC Klein-Berlin Rheine 2 - SK Gescher 1"]
[Site "Verbandsklasse 2015/2016"]
[Date "2015.11.28"]
[Round "3.3"]
[White "Iking, Bernhard"]
[Black "Hauk, Viktor"]
[Result "1/2-1/2"]
[WhiteElo "1771"]
[BlackElo "1772"]
[PlyCount "39"]
[EventDate "2015.??.??"]
[SourceDate "2015.10.31"]

1. d4 Nf6 2. c4 e6 3. Nf3 d5 4. Nc3 Nbd7 5. cxd5 exd5 6. e3 Bb4 7. Bd3 O-O 8.
O-O Re8 9. Qb3 Bxc3 10. bxc3 Nb6 11. a4 a5 12. Ba3 Ne4 13. c4 dxc4 14. Bxc4
Nxc4 15. Qxc4 Be6 16. Qc2 Bf5 17. Qc4 c6 18. h3 Qf6 19. Qe2 Nc3 20. Qc4 1/2-1/2

[Event "SC Klein-Berlin Rheine 2 - SK Gescher 1"]
[Site "Verbandsklasse 2015/2016"]
[Date "2015.11.28"]
[Round "3.4"]
[White "Brinkmann, Franz-Josef"]
[Black "Stein, Michael"]
[Result "1/2-1/2"]
[WhiteElo "1769"]
[BlackElo "1706"]
[PlyCount "85"]
[EventDate "2015.??.??"]
[SourceDate "2015.10.31"]

1. e4 e5 2. Nf3 Nc6 3. Bc4 Bc5 4. c3 Nf6 5. d4 exd4 6. cxd4 Bb4+ 7. Bd2 Bxd2+
8. Nbxd2 d5 9. exd5 Nxd5 10. O-O O-O 11. Nb3 Bg4 12. h3 Bh5 13. Re1 a5 14. g4
Bg6 15. Ne5 Nxe5 16. dxe5 c6 17. Qf3 b5 18. Bf1 Qb6 19. Rad1 Rad8 20. Nd4 Nb4
21. Nf5 Rxd1 22. Rxd1 Qc5 23. Re1 Re8 24. Qd1 h5 25. Qd7 Rxe5 26. Ne7+ Kh7 27.
Rxe5 Qxe5 28. a3 Nc2 29. Nxc6 Qxb2 30. gxh5 Bxh5 31. Bd3+ Bg6 32. Bxg6+ fxg6
33. Qg4 Qf6 34. Nxa5 Nxa3 35. Nb3 Nc2 36. Nd2 Qa1+ 37. Kh2 Qe5+ 38. f4 Qe1 39.
Nf3 Qf2+ 40. Kh1 Ne3 41. Ng5+ Kh6 42. Nf7+ Kh7 43. Ng5+ 1/2-1/2

[Event "SC Klein-Berlin Rheine 2 - SK Gescher 1"]
[Site "Verbandsklasse 2015/2016"]
[Date "2015.11.28"]
[Round "3.5"]
[White "Robers, Frank"]
[Black "Miethe, Christoph"]
[Result "0-1"]
[WhiteElo "1701"]
[BlackElo "1712"]
[PlyCount "100"]
[EventDate "2015.??.??"]
[SourceDate "2015.10.31"]

1. e4 e5 2. Nf3 Nf6 3. Bc4 Nc6 4. d3 Be7 5. Nc3 O-O 6. a3 d6 7. Bg5 a6 8. h3
Be6 9. Bxf6 Bxf6 10. Nd5 Bxd5 11. Bxd5 Rb8 12. O-O Ne7 13. Bb3 c6 14. Re1 Ng6
15. g3 Qd7 16. Kg2 d5 17. c4 dxc4 18. dxc4 Rfd8 19. Qe2 c5 20. Rad1 Qc6 21. Rd5
Ne7 22. Rxd8+ Rxd8 23. Rd1 Qb6 24. Ba4 h6 25. Rxd8+ Qxd8 26. Qd2 Qxd2 27. Nxd2
Nc8 28. Bc2 Be7 29. Nf1 Bg5 30. b3 Bc1 31. a4 Nd6 32. Bd3 Kf8 33. Kf3 g6 34.
Ke2 f5 35. f3 f4 36. g4 g5 37. Kd1 Bb2 38. Kc2 Bd4 39. Nd2 Ke7 40. Nb1 Nc8 41.
Na3 Na7 42. Kd1 Kd6 43. Be2 Nc6 44. Nc2 Bc3 45. Bf1 Na5 46. Na3 Bb4 47. Nc2
Nxb3 48. Bd3 Kc6 49. Ne1 Bxe1 50. Kxe1 Nd4 0-1

[Event "SC Klein-Berlin Rheine 2 - SK Gescher 1"]
[Site "Verbandsklasse 2015/2016"]
[Date "2015.11.28"]
[Round "3.6"]
[White "Huesmann, Stephan"]
[Black "Frieske, Hilmar"]
[Result "1-0"]
[WhiteElo "1705"]
[BlackElo "1776"]
[PlyCount "83"]
[EventDate "2015.??.??"]
[SourceDate "2015.10.31"]

1. e4 e5 2. Bc4 Bc5 3. Qh5 Qe7 4. Nf3 Nc6 5. d4 g6 6. Qg5 f6 7. Qh4 Nxd4 8.
Nxd4 Bxd4 9. a4 a5 10. O-O d6 11. c3 Bc5 12. Bd2 Be6 13. Bxe6 Qxe6 14. Rc1 Qb3
15. Be1 Qe6 16. b4 axb4 17. cxb4 Bd4 18. Nc3 Bxc3 19. Rxc3 c6 20. a5 Qd7 21.
Rac1 h5 22. f4 Qe7 23. Qg3 Kf7 24. Rd3 h4 25. Qf2 Rd8 26. Rcd1 h3 27. g3 Nh6
28. Qb6 exf4 29. Rd4 Ng4 30. gxf4 f5 31. b5 Ne3 32. bxc6 bxc6 33. Qb3+ Nd5 34.
exd5 c5 35. Ra4 g5 36. Bg3 gxf4 37. Rxf4 Kg6 38. Re1 Qa7 39. Re6+ Kg7 40. Qc3+
Kg8 41. Rg6+ Kh7 42. Qf6 1-0

[Event "SC Klein-Berlin Rheine 2 - SK Gescher 1"]
[Site "Verbandsklasse 2015/2016"]
[Date "2015.11.28"]
[Round "3.7"]
[White "Leschinsky, Sven"]
[Black "Pohlmeier, Ulrich"]
[Result "0-1"]
[WhiteElo "1469"]
[BlackElo "1562"]
[PlyCount "78"]
[EventDate "2015.??.??"]
[SourceDate "2015.10.31"]

1. e4 d6 2. d4 Nf6 3. Nc3 g6 4. h3 Bg7 5. Nf3 O-O 6. Be3 a6 7. Be2 b5 8. a3 Bb7
9. Bd3 Nbd7 10. b4 Rc8 11. a4 c6 12. O-O e5 13. dxe5 dxe5 14. Nd2 Qc7 15. Nb3
Rfd8 16. Qe2 Bf8 17. Na2 c5 18. bxc5 bxa4 19. Nd2 Nxc5 20. Bxc5 Qxc5 21. Kh1
Nh5 22. g3 Qc6 23. Kh2 Nf6 24. f3 a5 25. Nc4 Qc7 26. Ne3 Bc5 27. Nc1 Bd4 28.
Rxa4 Qb6 29. Nc4 Qc7 30. Rxa5 Ra8 31. Rxa8 Rxa8 32. Nb3 Bc3 33. Qf2 Ba6 34. Qb6
Qxb6 35. Nxb6 Bxd3 36. cxd3 Ra2+ 37. Kh1 Rb2 38. Nc5 Rxb6 39. Na4 Rb3 0-1

[Event "SC Klein-Berlin Rheine 2 - SK Gescher 1"]
[Site "Verbandsklasse 2015/2016"]
[Date "2015.11.28"]
[Round "3.8"]
[White "van Dam, Hans"]
[Black "Creutzburg, Frank"]
[Result "1-0"]
[WhiteElo "1563"]
[BlackElo "1496"]
[PlyCount "69"]
[EventDate "2015.??.??"]
[SourceDate "2015.10.31"]

1. e4 c5 2. Nf3 Nc6 3. d4 cxd4 4. Nxd4 g6 5. Nxc6 bxc6 6. Qd4 Qa5+ 7. Bd2 e5 8.
Qc3 Qxc3 9. Bxc3 Bg7 10. Nd2 d5 11. exd5 cxd5 12. Bb5+ Bd7 13. Bxd7+ Kxd7 14.
Nb3 Ne7 15. Bd2 Nc6 16. c3 Rhe8 17. O-O Bf8 18. Rad1 f5 19. g3 Bd6 20. Bc1 Ne7
21. Rfe1 Rec8 22. Bg5 Ke6 23. Bxe7 Bxe7 24. Nd4+ Kd6 25. Ne2 Bf6 26. Kf1 a5 27.
a3 a4 28. Nc1 Rab8 29. Nd3 Rd8 30. Nb4 Rb5 31. c4 Rc5 32. Nxd5 Bg7 33. Nf4+ Ke7
34. Rxd8 Kxd8 35. Ne6+ 1-0

[Event "SK Ochtrup 1 - Südlohner SV 2"]
[Site "Verbandsklasse 2015/2016"]
[Date "2015.11.28"]
[Round "3.1"]
[White "Sparwel, Oliver"]
[Black "Schwietering, Ralf"]
[Result "0-1"]
[WhiteElo "1982"]
[BlackElo "1878"]
[PlyCount "44"]
[EventDate "2015.??.??"]
[SourceDate "2015.10.31"]

1. d4 Nf6 2. Nf3 g6 3. e3 Bg7 4. Bd3 d5 5. Ne5 O-O 6. Nd2 Nbd7 7. f4 c5 8. b3
Qa5 9. Bb2 Nxe5 10. fxe5 Ng4 11. Qf3 Bh6 12. c3 Nxe3 13. dxc5 Bg4 14. Qg3 Qxc5
15. b4 Nxg2+ 16. Kf1 Ne3+ 17. Ke1 Qb6 18. h4 Bf4 19. Qg1 Ng2+ 20. Kf1 Qxg1+ 21.
Kxg1 Bxd2 22. Kxg2 Rac8 0-1

[Event "SK Ochtrup 1 - Südlohner SV 2"]
[Site "Verbandsklasse 2015/2016"]
[Date "2015.11.28"]
[Round "3.3"]
[White "Harbers, Gerard"]
[Black "Moor, Daniel"]
[Result "1-0"]
[WhiteElo "1856"]
[BlackElo "1673"]
[PlyCount "79"]
[EventDate "2015.??.??"]
[SourceDate "2015.10.31"]

1. e4 Nf6 2. Nc3 d5 3. exd5 Nxd5 4. Bc4 Be6 5. Nxd5 Bxd5 6. Bxd5 Qxd5 7. Qf3 e6
8. Qxd5 exd5 9. d4 Bd6 10. Ne2 O-O 11. O-O Re8 12. Be3 Nd7 13. Rfe1 Nb6 14. Nf4
Re4 15. Nd3 Rae8 16. b3 f5 17. Bd2 Kf8 18. c3 h6 19. f3 Re2 20. Rxe2 Rxe2 21.
Rd1 g5 22. Kf1 Re8 23. f4 g4 24. Ne5 Bxe5 25. dxe5 c6 26. Be3 Kf7 27. Bxb6 axb6
28. c4 Ke6 29. cxd5+ cxd5 30. Rc1 Kd7 31. Ke2 h5 32. Kd3 Re6 33. g3 Rc6 34. Rh1
b5 35. h3 b4 36. hxg4 hxg4 37. Rh7+ Kc8 38. Kd4 Rc3 39. e6 Rxg3 40. Rh8+ 1-0

[Event "SK Ochtrup 1 - Südlohner SV 2"]
[Site "Verbandsklasse 2015/2016"]
[Date "2015.11.28"]
[Round "3.4"]
[White "Schmerling, Janek"]
[Black "Telöken, Stefan"]
[Result "1-0"]
[WhiteElo "1664"]
[BlackElo "1770"]
[PlyCount "63"]
[EventDate "2015.??.??"]
[SourceDate "2015.10.31"]

1. e4 c5 2. d4 cxd4 3. c3 d3 4. Bxd3 d6 5. c4 g6 6. Nc3 Bg7 7. h3 Nc6 8. Nf3
Nf6 9. O-O O-O 10. Be3 Bd7 11. Qd2 Re8 12. Bc2 Qc8 13. b3 b6 14. Rac1 Qb7 15.
Nd4 Rad8 16. Nd5 Bc8 17. Bb1 Qa8 18. Nc7 Qb7 19. Nxe8 Rxe8 20. f3 Nh5 21. Nb5
Bf8 22. f4 a6 23. Nc3 b5 24. cxb5 axb5 25. Bd3 b4 26. Nd5 Bg7 27. Nb6 Bc3 28.
Rxc3 bxc3 29. Qxc3 Be6 30. Bb5 Ng3 31. Re1 Nxe4 32. Qxc6 1-0